Debt 3

Bibliographic Details
Previous Title:Commercial law bulletin (Chicago, Ill.)
Corporate Author: Commercial Law League of America
Format: Unknown
Language:English
Published: Chicago, IL : Commercial Law League of America
Subjects:
Online Access:Acceso restringido

MARC

LEADER 00000ny a22000003n 4500
005 20110512133753.0
008 071220s us 000 eng d
022 |a 0888-8000 
022 |a 1554-883X 
035 |a 4010 
040 |a MoSU-L  |c MoSU-L  |d vLex 
090 |c 1792  |d 1792 
245 0 0 |a Debt 3  |h [Recurso electrn̤ico] 
246 3 |a Debt cubed 
246 3 |a Debt three 
256 |a Servicio en ln̕ea 
260 |a Chicago, IL :  |b Commercial Law League of America 
310 |a Bimestral 
506 1 |a Contenido solo disponible en los productos indicados  |d vLex Global  |d vLex Global (Academic Edition, excluding Law Schools)  |d vLex Global (U.S. Academic Edition, excluding Law Schools) 
610 2 |a Commercial Law League of America  |v Periodicals 
650 0 4 |a Comercio  |x Derecho  |x Legislacin̤  |x Publicaciones perid̤icas 
710 2 |a Commercial Law League of America 
740 0 |a vLex Revista (Servicios en ln̕ea) 
780 0 0 |t Commercial law bulletin (Chicago, Ill.)  |x 0888-8000 
843 |a Electrn̤ica. Abierta 
853 |8 1  |i (year)  |j (month)  |k (day) 
856 4 0 |u http://vlex.com/source/4010  |z Acceso restringido 
942 |c REV